Statistics for NBA Top 10 Assists Players All-Time

Click here to take the quiz!

General Stats

  • This quiz has been taken 480 times
  • The average score is 6 of 11

Answer Stats

Answer% Correct
John Stockton
94%
Magic Johnson
90%
Jason Kidd
86%
Steve Nash
86%
Chris Paul
81%
Isiah Thomas
49%
Rajon Rondo
47%
Jason Williams
41%
Larry Bird
33%
Andre Miller
20%
Pete Maravich
18%

Score Distribution

Percentile by Number Answered

Percent of People with Each Score

Your Score History

You have not taken this quiz